| 000 | 00681nam a22002417a 4500 | ||
|---|---|---|---|
| 005 | 20170124105925.0 | ||
| 010 | _a788745 | ||
| 020 | _c00 | ||
| 035 | _a788745 | ||
| 037 | _bCen Lib/Ret | ||
| 040 |
_aDPL _bEN |
||
| 082 |
_a025.4 _bUPP |
||
| 100 |
_aUppal, O. P. _9105406 |
||
| 245 |
_aPractical procedure of classification / _cby O. P. Uppal |
||
| 246 | _b | ||
| 260 |
_bMadaan Publishers _c1975 _aPatiala |
||
| 270 |
_bPatiala _aPurani Kotwali Chowk |
||
| 300 |
_axiv, 84p. _c21cm(Hb) |
||
| 490 | _aKuala library science series ; 2 | ||
| 650 |
_aLibrary Science _9105407 |
||
| 650 |
_aClassification _9105408 |
||
| 942 |
_2ddc _cEN _h025.4 _mUPP |
||
| 999 |
_c123410 _d123410 |
||